000 00480 a2200169 4500
003 OSt
005 20231223154756.0
008 231223b |||||||| |||| 00| 0 eng d
020 _a9789387648753
040 _coclc
082 _a891.43
_bVER/D
100 _aVarma, Nirmal
_96662
245 _aDHALAAN SE UTHARTHE HUE /
_cNirmal Verma
260 _aNew Delhi:
_bVani Prakashan,
_c2018.
300 _a220p
942 _2ddc
_cBK
_h891.43
_iVER/D
_k891.43
_mVER/D
999 _c43567
_d43567